00984nam a2200205 a 450000100100000000500170001000800410002702000150006804000250008308200130010824501120012126000980023330000210033150501010035270000390045370000410049295201110053395201170064499900170076100004310520201002040637.0140219s1992 sp 000 0 spa d z8472326365 aDO-SdBNPbspacBNPHU axxxbxxx00aCiencias de la Naturaleza en Al-Andalus II /ceditados por E. García Sánchez ; C. Álvarez de Morales. aMadrid :bConsejo Superior de Investigaciones CientícasbEscuela de Estudios Arabes,c1992. a269 p. ;c24 cm.0 gv. 2rC. Álvarez de MoralestTextos y estudiosgv. 2rE. García Sánchez ;tBibliográfica12aE. García Sánchez.eed.97063512aÁlvarez de Morales, C.eed.970636 001050718MOaGRbGRcCTd2014-02-19iLF1l0oxxx xxxp43105-10r2020-06-25w2020-06-25y1ZNo se presta 001050718MOaGRbGRcCTd2014-02-19iLF1l0oxxx xxxp43105-20r2020-06-25te. 2w2020-06-25y1ZNo se presta c42594d42594